000 00292nam a2200109Ia 4500
008 230907s9999||||xx |||||||||||||| ||und||
082 _a692
_bASTM
245 0 _aASTM standards on building economics.
260 _aASTM,
_bWest Conshohocken, PA :
_c2007
300 _avii, 373 p. :
942 _cBK
999 _c600045
_d600045